Puro humo
Salvato in:
| Autore principale: | |
|---|---|
| Natura: | Libro |
| Lingua: | spagnolo |
| Pubblicazione: |
Madrid
Alfaguara
2000
|
| Soggetti: | |
| Tags: |
Aggiungi Tag
Nessun Tag, puoi essere il primo ad aggiungerne!!
|
MARC
| LEADER | 00000nam a2200000 a 4500 | ||
|---|---|---|---|
| 001 | UCM0945 | ||
| 003 | CL-VaPUC | ||
| 008 | 020322e20000000SP |||||||||||||||||spa|d | ||
| 082 | 0 | 4 | |a 394.14 |b CAB |2 21 |
| 100 | 0 | |a Cabrera Infante, Guillermo |e author |9 467910 | |
| 245 | 1 | 0 | |a Puro humo |
| 300 | |a 503 p | ||
| 942 | |c BK | ||
| 945 | |d 20020322 00:00:00 |a vberengu | ||
| 260 | |a Madrid |b Alfaguara |c 2000 | ||
| 650 | 0 | |a Tabaco |9 343563 | |
| 650 | 7 | |a TABACO - HISTORIA |2 CL-VaPUC |9 467911 | |
| 650 | 0 | |a Drogas |9 254877 | |
| 650 | 7 | |a DROGAS - HISTORIA |2 CL-VaPUC |9 461007 | |
| 583 | |a last modification |c 20020322 00:00:00 |k Rodrigo Vera | ||
| 999 | |c 299679 |d 299677 | ||
| 952 | |0 0 |1 0 |4 0 |6 394_140000000000000_CAB_2000 |7 0 |8 A |9 356499 |a BIBEDU |b BIBEDU |d 2019-11-21 |i 3692817 |o 394.14 CAB 2000 |p 3692817 |r 2019-11-21 |w 2019-11-21 |y BK |k LIT | ||